Logo BPK

Biblioteka

Politechniki Koszalińskiej

The mathematical theory of wave motion / (Rekord nr 28360)

Szczegóły MARC
000 -ETYKIETA REKORDU
podpole kontrolne o stałej długości 00665nam a2200229 i 4500
001 - NUMER KONTROLNY REKORDU
pole kontrolne bg
020 ## - MIĘDZYNARODOWY ZNORMALIZOWANY NUMER KSIĄŻKI - ISBN
ISBN 0853122253
020 ## - MIĘDZYNARODOWY ZNORMALIZOWANY NUMER KSIĄŻKI - ISBN
ISBN 0470271132
040 ## - ŹRÓDŁO KATALOGOWANIA
Instytucja, która utworzyła rekord BPK
041 ## - KOD JĘZYKA
Kod języka tekstu pol
080 ## - UNIWERSALNA KLASYFIKACJA DZIESIĘTNA - UKD
UKD 53:530.145:517
920 ## - Międzynarodowy znormalizowany numer książki – ISBN
ISBN 0-85312-225-3
920 ## - Międzynarodowy znormalizowany numer książki – ISBN
ISBN 0-470-27113-2
008 - POLE O STAŁEJ DŁUGOŚCI - DANE KONTROLNE
podpole kontrolne o stałej długości s pl f |000 0 pol
100 1# - NAZWA OSOBOWA
Nazwa osobowa BALDOCK, Gordon Ramsey
245 #4 - TYTUŁ/ODPOWIEDZIALNOŚĆ
Tytuł The mathematical theory of wave motion /
Pozostałe elementy strefy tytułu i oznaczenia odpowiedzialności G.R. Baldock, T. Bridgeman.
260 ## - STREFA ADRESU WYDAWNICZEGO
Miejsce wydania Chichester,
Data publikacji, dystrybucji/powstania dokumentu 1981.
490 1# - STREFA SERII I DOKUMENTU WIELOCZĘŚCIOWEGO - FORMA NIE DO WYSZUKIWANIA
Tytuł i oznaczenie odpowiedzialności serii Ellis Harwood Series in Mathematics and Its Applications
700 1# - HASŁO DODATKOWE - NAZWA OSOBOWA
Nazwa osobowa BRIDGEMAN, Tony
830 ## - HASŁO DODATKOWE SERII LUB DOKUMENTU WIELOCZĘŚCIOWEGO - TYTUŁ UJEDNOLICONY
Tytuł ujednolicony Ellis Harwood Series in Mathematics and Its Applications
856 ## - LOKALIZACJA I DOSTĘP DO ELEKTRONICZNYCH DOKUMENTÓW ZDALNYCH
Link (URL) http://koha.tu.koszalin.pl/cgi-bin/koha/opac-detail.pl?biblionumber=28360
Tekst linku Katalog online BPK
942 ## - DODATKOWE ELEMENTY (KOHA)
Typ dokumentu Książka
Egzemplarze
Wycofany Status egzemplarza Uszkodzony Dostępność Lokalizacja stała Lokalizacja bieżąca Miejsce przechowywania Sygnatura Kod kreskowy Typ dokumentu
      Dostępny Biblioteka Politechniki Koszalińskiej Biblioteka Politechniki Koszalińskiej Wypożyczalnia BG 32841 01963748 Książka
© 2023 Biblioteka Politechniki Koszalińskiej :: KOHA